Welcome to the Holygrace Academy Library

Please use search bar below to get started

BEYOND 2020 (Record no. 5515)

MARC details
000 -LEADER
fixed length control field 00299nam a22001337a 4500
020 ## - INTERNATIONAL STANDARD BOOK NUMBER
ISBN 978-0-143-42606-6
082 ## - DEWEY DECIMAL CLASSIFICATION NUMBER
Classification number 158
Item number APJ/B
100 ## - MAIN ENTRY--AUTHOR NAME
Personal name ABDUL KALAM,APJ
245 ## - TITLE STATEMENT
Title BEYOND 2020
260 ## - PUBLICATION, DISTRIBUTION, ETC. (IMPRINT)
Place of publication LONDON
Name of publisher PENGUIN BOOKS
300 ## - PHYSICAL DESCRIPTION
Number of Pages 281
650 ## - SUBJECT ADDED ENTRY--TOPICAL TERM
Topical Term PERSONALITY DEVELOPMENT
Geographic subdivision LONDON
942 ## - ADDED ENTRY ELEMENTS (KOHA)
Koha item type Books
Holdings
Withdrawn status Lost status Collection code Home library Current library Shelving location Date acquired Source of acquisition Full call number Accession Number Koha item type
    Non-fiction Main Library Main Library SHELF-17-I-BIOGRAPHIES & AUTOBIOGRAPHIES 18/10/2018 PURCHASE 158 APJ/B 10282 Books